| 000 | 00801nam a2200241Ia 4500 | ||
|---|---|---|---|
| 003 | GCL | ||
| 008 | 140319s9999 xx 000 0 ara d | ||
| 040 |
_aGCL / _cGCL |
||
| 082 | 0 | 4 |
_a320 _bع ن |
| 100 | 1 | _aعبدالغنى بسيونى عبدالله | |
| 245 | 1 | 0 |
_aالنظم السياسية : اسس التنظيم السياسى / _cعبدالغنى بسيونى عبدالله |
| 260 |
_a[S.N] : _bمنشاة المعارف الاسلامية ، _c1991 |
||
| 300 |
_a397 ص ؛ _c24سم |
||
| 490 |
_aسلسلة الكتب القانونية _v0 |
||
| 650 | 0 | 4 | _aالقانون |
| 650 | 0 | 4 | _aالجنسية |
| 650 | 0 | 4 | _aالسياسة |
| 650 | 0 | 4 | _aالقانون العام |
| 650 | 0 | 4 | _aالدولة |
| 650 | 0 | 4 | _aحق العمل |
| 650 | 0 | 4 | _aالمواطنة |
| 942 |
_2ddc _cBK |
||
| 999 |
_c56211 _d56211 |
||